Proceso de estructuración organizacional en ARTEAL, muebles de jardín e iluminación de Guadalajara, Jal. /
Zapisane w:
| 1. autor: | |
|---|---|
| Kolejni autorzy: | |
| Format: | Praca dyplomowa Książka |
| Język: | hiszpański |
| Hasła przedmiotowe: | |
| Etykiety: |
Nie ma etykietki, Dołącz pierwszą etykiete!
|
MARC
| LEADER | 00000nam^a2200000^a^4500 | ||
|---|---|---|---|
| 001 | 000187933 | ||
| 005 | 20250521000000.0 | ||
| 009 | 20260310102321.034 | ||
| 037 | |a Acervo ITESO - Biblioteca | ||
| 041 | |a ESP | ||
| 090 | |a LAE. 569 | ||
| 100 | |a Castillejo González, Jorge |e (autor) | ||
| 245 | 1 | 0 | |a Proceso de estructuración organizacional en ARTEAL, muebles de jardín e iluminación de Guadalajara, Jal. / |c J. Castillejo González, C.I. Ortiz Alcalá. |
| 264 | |a Guadalajara, México : |b edición de autor, |c 2006 | ||
| 300 | |a 1 disco compacto de computadora | ||
| 336 | |a datos para computadora |b cod |2 rdacontenido | ||
| 337 | |a computadora |b c |2 rdamedio | ||
| 338 | |a disco de computadora |b cd |2 rdasoporte | ||
| 502 | |a ITESO Tesis de Licenciatura en Administración de Empresas | ||
| 649 | |a XX | ||
| 650 | |a Muebles de Jardín | ||
| 650 | |a Iluminación - |x Equipo y Aparatos | ||
| 650 | |a Empresas - |z Guadalajara, Jalisco - |x Administración | ||
| 650 | |a Empresas - |z Jalisco - |x Administración | ||
| 650 | |a Empresas - |z México - |x Administración | ||
| 650 | |a División del Trabajo | ||
| 650 | |a Control Administrativo | ||
| 650 | |a Organización Administrativa | ||
| 650 | |a Proceso Administrativo | ||
| 650 | |a Administración | ||
| 650 | |a Ciencias Administrativas | ||
| 700 | |a Ortiz Alcalá, Carlos Iván |e (autor) | ||
| 910 | |a Fondo General | ||
| 920 | |a Electrónicos - Tesis del ITESO en Disco | ||
| 905 | |a 202 | ||
| 901 | |a 0500130505 |b IT2 |c STS |u 20250521 | ||
| 902 | |a https://opac.biblio.iteso.mx/vufind/Record/000187933 | ||